期刊信息 |
| 索取号 |
N5/NMGDX
|
| 题名 |
内蒙古大学学报(自然科学版)
|
| 作者 |
内蒙古大学学报编辑委员会
|
| 分册号 |
|
| 分册名 |
|
| 出版地 |
内蒙古
|
| 出版者 |
内蒙古大学
|
| 标准刊号 |
|
| 出版频率 |
季刊
|
| 中图法分类 |
N5
|
| 主题词 |
自然科学 丛书; 自然科学 文集; 自然科学 连续出版物
|
| 电子资源 | |
| |
|
| 000 | 00718nas0 2200229 45 | |
| 001 | 0552754062 | |
| 005 | 20070409163408.45 | |
| 010 | @d8 | |
| 091 | @aCN15-1052/O | |
| 092 | @b16-67 | |
| 100 | @a20051129d km y0chiy0120 ea | |
| 101 | 0 | @achi |
| 200 | 1 | @a内蒙古大学学报(自然科学版)@ANei Meng Gu Da Xue Xue Bao(Zi Ran Ke Xue Ban)@f内蒙古大学学报编辑委员会@FNei Meng Gu Da Xue Xue Bao Bian Ji Wei Yuan Hui |
| 210 | @a内蒙古@c内蒙古大学 | |
| 326 | @a季刊 | |
| 606 | 0 | @a自然科学@x丛书 |
| 606 | 0 | @a自然科学@x文集 |
| 606 | 0 | @a自然科学@x连续出版物 |
| 690 | @aN5@v4 | |
| 711 | 0 | @a内蒙古大学学报编辑委员会@ANei Meng Gu Da Xue Xue Bao Bian Ji Wei Yuan Hui |
| 801 | 0 | @aCN@bPFT@c20070409 |
| 905 | @aTJWY@dN5@eNMGDX | |
| 内蒙古大学学报(自然科学版)/内蒙古大学学报编辑委员会.-内蒙古:内蒙古大学 |
| 8 |
| ● |
| 相关链接: |
|
|
|
|